| 000 | 00496nam a2200145 a 4500 | ||
|---|---|---|---|
| 008 | 120416s1966 ||||||||||||||||| || u | ||
| 050 | _aHF 5635 Mei | ||
| 100 | _aMeigs, Walter B | ||
| 245 | 1 | 0 | _aAdvanced accounting |
| 260 |
_aNew York _bMcGraw-Hill _c1966 |
||
| 300 | _axvii, 941p. : ill. | ||
| 350 | _a0.00 | ||
| 700 | _aKeller, Thomas F | ||
| 995 |
_D0.00 _FCBU-MAIN LIBRARY (Kitwe) _H1 _I33.95 _UAVAILABLE _ZAnnex Low-Usage Collection |
||
| 999 |
_c33521 _d33521 |
||